Mecánica elemental: complementos para su enseñanza y estudio
Guardat en:
| Autor principal: | |
|---|---|
| Format: | Llibre |
| Idioma: | espanyol |
| Publicat: |
Buenos Aires
EUDEBA
1969
|
| Edició: | 3a. ed |
| Col·lecció: | Ediciones Previas. Física
|
| Matèries: | |
| Etiquetes: |
Afegir etiqueta
Sense etiquetes, Sigues el primer a etiquetar aquest registre!
|
MARC
| LEADER | 00000nam a2200000 a 4500 | ||
|---|---|---|---|
| 001 | UCT1557 | ||
| 003 | CL-VaPUC | ||
| 008 | 960927e19690700AG |||||||||||||||||spa|d | ||
| 082 | 0 | 4 | |a 531 |b ROE |2 21 |
| 100 | 0 | |a Roederer, Juan G |e author |9 370484 | |
| 245 | 1 | 0 | |a Mecánica elemental: complementos para su enseñanza y estudio |
| 250 | |a 3a. ed | ||
| 300 | |a 283 p | ||
| 942 | |c BK | ||
| 945 | |d 19960927 00:00:00 |a paguirre | ||
| 260 | |a Buenos Aires |b EUDEBA |c 1969 | ||
| 650 | 0 | |a Mecánica |9 260096 | |
| 650 | 0 | |a Física |9 227844 | |
| 650 | 0 | |a Cinemática |9 260942 | |
| 650 | 0 | |a Movimiento |9 322237 | |
| 650 | 0 | |a Dinámica |9 260136 | |
| 650 | 0 | |a Viscosidad |9 260583 | |
| 583 | |a last modification |c 19960927 00:00:00 |k Rodrigo Vera | ||
| 490 | 0 | |a Ediciones Previas. Física | |
| 999 | |c 252042 |d 252040 | ||
| 952 | |0 0 |1 0 |4 0 |6 531_000000000000000_ROE_1969 |7 0 |8 A |9 271641 |a BIBCUR |b BIBCUR |d 2019-11-19 |i 1753223 |o 531 ROE 1969 |p 1753223 |r 2025-04-22 |w 2019-11-19 |y BK |k BCB | ||